[Event "Riadh Rapid op"]
[Site "Riadh"]
[Date "2023.03.18"]
[Round "9"]
[White "Al Kathami, Sultan S"]
[Black "Al Fahad, Ibraheem Mohammed"]
[Result "1-0"]
[WhiteElo "1708"]
[BlackElo "1421"]
[PlyCount "69"]
[EventDate "2023.03.17"]
[EventType "swiss (rapid)"]
[EventRounds "9"]
[EventCountry "SAU"]
[SourceTitle "CBM 213 Extra"]
[Source "ChessBase"]
[SourceDate "2023.05.31"]
[SourceVersion "1"]
[SourceVersionDate "2023.05.31"]
[SourceQuality "1"]

1. e4 e5 2. Nf3 Nc6 3. Bb5 a6 4. Ba4 Nf6 5. Qe2 Bc5 6. c3 b5 7. Bc2 0-0 8. 0-0 d6 9. d3 h6 10. h3 Bb7 11. Nbd2 Ne7 12. Re1 Ng6 13. Nf1 Re8 14. Ng3 d5 15. Nf5 dxe4 16. dxe4 b4 17. Be3 Bxe3 18. Qxe3 a5 19. Rad1 Qc8 20. Qc5 Nd7 21. Qe3 Nf6 22. Qc5 Nd7 23. Qe3 Nb6 24. N3h4 Nxh4 25. Nxh4 Qe6 26. Bb3 Qf6 27. Nf5 Bc8 28. cxb4 axb4 29. Qc5 Bxf5 30. exf5 Na4 31. Qxc7 Nxb2 32. Rd7 Rf8 33. Qxe5 Qxe5 34. Rxe5 Nd3 35. Rxd3 1-0

[Event "Riadh Rapid op"]
[Site "Riadh"]
[Date "2023.03.17"]
[Round "1"]
[White "Khader, Aram"]
[Black "Al Fahad, Ibraheem Mohammed"]
[Result "1-0"]
[WhiteElo "2142"]
[BlackElo "1421"]
[PlyCount "52"]
[EventDate "2023.03.17"]
[EventType "swiss (rapid)"]
[EventRounds "9"]
[EventCountry "SAU"]
[SourceTitle "CBM 213 Extra"]
[Source "ChessBase"]
[SourceDate "2023.05.31"]
[SourceVersion "1"]
[SourceVersionDate "2023.05.31"]
[SourceQuality "1"]

1. c4 Nf6 2. Nc3 e5 3. g3 Nc6 4. Bg2 g6 5. e4 Nd4 6. Nge2 d6 7. 0-0 Bg7 8. h3 0-0 9. d3 Nd7 10. Be3 Nc5 11. b4 Nce6 12. Qd2 a5 13. b5 Nc5 14. Bxd4 exd4 15. Nd5 c6 16. bxc6 bxc6 17. Ndf4 Bd7 18. Rab1 Qc7 19. Nc1 a4 20. Nce2 Rab8 21. Kh2 Rb7 22. Ng1 Rfb8 23. Rxb7 Rxb7 24. Nf3 a3 25. Ra1 Rb2 26. Qe1 h6 1-0

[Event "Asian-ch Seniors zt 50 3.1"]
[Site "Chess.com INT"]
[Date "2020.07.13"]
[Round "5.9"]
[White "Sulimani, Yaser"]
[Black "Al Fahad, Ibraheem Mohammed"]
[Result "1-0"]
[WhiteElo "1733"]
[BlackElo "1356"]
[PlyCount "63"]
[EventDate "2020.07.13"]
[EventType "swiss"]
[EventRounds "7"]
[EventCountry "JOR"]
[SourceTitle "EXT 2024"]
[Source "ChessBase"]
[SourceDate "2023.10.10"]
[SourceVersion "1"]
[SourceVersionDate "2023.10.10"]
[SourceQuality "1"]

1. d4 d5 2. c4 e6 3. Nc3 Nf6 4. Bg5 Be7 5. Nf3 h6 6. Bh4 Nbd7 7. e3 b6 8. cxd5 exd5 9. Bd3 Bb7 10. Rc1 Ne4 11. Bxe7 Qxe7 12. 0-0 0-0 13. Bb1 Ndf6 14. Qb3 c6 15. Nxe4 Nxe4 16. Bxe4 dxe4 17. Ne5 Rac8 18. Qa4 c5 19. Qxa7 cxd4 20. exd4 Rxc1 21. Rxc1 Rd8 22. Qxb6 f6 23. Ng6 Qe8 24. Nf4 Bd5 25. Nxd5 Rxd5 26. Qb3 e3 27. Re1 Qd8 28. Rxe3 Kh8 29. Rd3 Rxd4 30. Rxd4 Qxd4 31. g3 Qd1+ 32. Qxd1 1-0